[Event "7th Asia-ch"]
[Site "Subic Bay PHI"]
[Date "2009.05.18"]
[Round "6"]
[White "Nguyen Van Huy"]
[Black "Elorta, David"]
[Result "0-1"]
[WhiteElo "2423"]
[BlackElo "2372"]
[EventDate "2009.05.13"]
[PlyCount "100"]

1.e4 c6 2.c4 d6 3.d4 g6 4.Nc3 Bg7 5.Be2 Nh6 6.Be3 f5 7.Qd2 Nf7 8.exf5 gxf5
9.d5 Nd7 10.Nf3 c5 11.O-O O-O 12.Ng5 Nf6 13.Rae1 a6 14.Bd3 Ne5 15.Kh1 b5 
16.cxb5 Nxd3 17.Qxd3 axb5 18.Nxb5 Rxa2 19.b4 h6 20.Qb3 Ra8 21.Ne6 Bxe6 22.
dxe6 cxb4 23.Nd4 Ng4 24.Nc6 Qe8 25.Nxb4 f4 26.Bd2 f3 27.h3 Qg6 28.gxf3 Ne5
29.f4 Qh5 30.Qg3 Kh7 31.Rg1 Bh8 32.Qe3 Qf3+ 33.Rg2 Rg8 34.Rg1 Rxg2 35.Rxg2
Ra1+ 36.Kh2 Ra3 37.Qxa3 Qxa3 38.fxe5 Bxe5+ 39.f4 Bxf4+ 40.Bxf4 Qxb4 41.Bc1
d5 42.Bb2 Qd6+ 43.Kg1 h5 44.Re2 Qg3+ 45.Kf1 Qxh3+ 46.Ke1 h4 47.Bf6 Qg3+ 
48.Kd1 Qb3+ 49.Ke1 Qb4+ 50.Kd1 Kg6 0-1

[Event "7th Asia-ch"]
[Site "Subic Bay PHI"]
[Date "2009.05.18"]
[Round "6"]
[White "Priyadharshan, Kannappan"]
[Black "Yu Lie"]
[Result "1-0"]
[WhiteElo "2411"]
[BlackElo "2307"]
[EventDate "2009.05.13"]
[PlyCount "109"]

1.e4 c5 2.Nf3 e6 3.d4 cxd4 4.Nxd4 a6 5.Nc3 Qc7 6.Bd3 Nc6 7.Nxc6 bxc6 8.Qe2
d6 9.O-O Nf6 10.f4 Be7 11.e5 Nd5 12.Nxd5 cxd5 13.Kh1 g6 14.Bd2 O-O 15.Rae1
Bd7 16.Bc3 f6 17.Bxa6 dxe5 18.fxe5 f5 19.Ra1 Qb6 20.Bd3 Rfc8 21.Rfb1 Ra7 
22.Be1 Bc5 23.c3 Rca8 24.a3 Bc6 25.h3 Ra4 26.Bd2 Qb8 27.b4 Bf8 28.Rb3 Bg7 
29.Bf4 R4a7 30.Be3 Rf7 31.Bd4 Ba4 32.Rb2 Qb7 33.Rf1 Be8 34.Ra2 Ba4 35.Rb2 
Be8 36.Ra1 Bf8 37.b5 Ra4 38.b6 f4 39.Bb5 f3 40.gxf3 Bxb5 41.Qxb5 Rc4 42.
Rf1 Rc8 43.a4 Qe7 44.a5 Qh4 45.Rh2 Bh6 46.b7 Rb8 47.a6 Bf4 48.a7 Rbf8 49.
b8=Q Bxh2 50.Kxh2 Qf4+ 51.Kh1 Qg3 52.Qe2 Qxh3+ 53.Kg1 Rf5 54.Qg2 Qh4 55.
a8=Q 1-0

[Event "7th Asia-ch"]
[Site "Subic Bay PHI"]
[Date "2009.05.18"]
[Round "6"]
[White "Batchuluun, Cegmed"]
[Black "Kim, Alexey"]
[Result "1-0"]
[WhiteElo "2391"]
[BlackElo "2481"]
[EventDate "2009.05.13"]
[PlyCount "75"]

1.d4 d5 2.c4 e6 3.Nf3 Nf6 4.g3 Bb4+ 5.Bd2 Be7 6.Bg2 c6 7.Qc2 O-O 8.O-O 
Nbd7 9.Bf4 Nh5 10.Bc1 b5 11.b3 Ba6 12.Nbd2 bxc4 13.bxc4 Nhf6 14.Re1 Rb8 
15.c5 h6 16.Bb2 Qc7 17.Bc3 Rb7 18.Bf1 Re8 19.Rab1 Rxb1 20.Rxb1 Bf8 21.Qa4 
Bb5 22.Qa5 Qxa5 23.Bxa5 e5 24.e3 a6 25.Rb4 exd4 26.exd4 Rb8 27.a4 Bxf1 28.
Rxb8 Nxb8 29.Kxf1 Nbd7 30.Nb3 Ne4 31.Ne1 Be7 32.Nd3 Kf8 33.Ke2 Ke8 34.f3 
Nef6 35.Nb4 Nb8 36.Bc7 Nfd7 37.Na5 Bf6 38.Kd3 1-0

[Event "7th Asia-ch"]
[Site "Subic Bay PHI"]
[Date "2009.05.18"]
[Round "6"]
[White "Hoang Canh Huan"]
[Black "Wang Rui"]
[Result "0-1"]
[WhiteElo "2378"]
[BlackElo "2434"]
[EventDate "2009.05.13"]
[PlyCount "66"]

1.e4 e5 2.Nc3 Nf6 3.g3 d5 4.exd5 Nxd5 5.Bg2 Nxc3 6.bxc3 Bd6 7.Nf3 O-O 8.d3
Nd7 9.O-O c6 10.Re1 Re8 11.c4 Nc5 12.h3 Bf5 13.Nh4 Be6 14.Be3 Qd7 15.Kh2 
Bf8 16.Qd2 f6 17.Rad1 Rad8 18.Qc3 Bf7 19.Nf3 Qc7 20.Rb1 b6 21.Rbd1 b5 22.
cxb5 cxb5 23.d4 b4 24.Qa1 e4 25.Nd2 Na4 26.Nxe4 Qxc2 27.d5 Rxe4 28.Rc1 Qd3
29.Red1 Rxe3 30.Rxd3 Rxd3 31.Rc7 Bxd5 32.Rxa7 Bxg2 33.Kxg2 Rd1 0-1

[Event "7th Asia-ch"]
[Site "Subic Bay PHI"]
[Date "2009.05.18"]
[Round "6"]
[White "Lou Yiping"]
[Black "Garcia, Jan Emmanuel"]
[Result "0-1"]
[WhiteElo "2410"]
[BlackElo "2292"]
[EventDate "2009.05.13"]
[PlyCount "96"]

1.d4 d6 2.e4 Nf6 3.f3 g6 4.c4 Bg7 5.Nc3 O-O 6.Be3 c6 7.Bd3 a6 8.a4 a5 9.
Nge2 Na6 10.O-O Nb4 11.Qd2 e5 12.Rad1 Nxd3 13.Qxd3 Qe7 14.Kh1 Nd7 15.Qd2 
f5 16.exf5 gxf5 17.Bh6 Bxh6 18.Qxh6 Qf6 19.Qd2 Re8 20.Ng3 Nf8 21.dxe5 dxe5
22.Rfe1 Be6 23.Qd6 Ng6 24.Qc5 Qe7 25.Rd6 Rad8 26.Rxd8 Qxc5 27.Rxe8+ Kf7 
28.Rb8 Qa7 29.Rd8 Qb6 30.Rd2 Qb4 31.f4 e4 32.Nf1 Nxf4 33.g4 Nd3 34.Re3 
Bxc4 35.gxf5 Nc5 36.Rd4 Qxb2 37.Rd2 Qb4 38.Rd4 Qb2 39.Rd2 Qb6 40.Kg2 Nb3 
41.Rd7+ Ke8 42.Nxe4 Kxd7 43.Nf6+ Kd6 44.Ne8+ Kc5 45.Ng3 Bd5+ 46.Kh3 Kb4 
47.Re7 c5 48.f6 c4 0-1

[Event "7th Asia-ch"]
[Site "Subic Bay PHI"]
[Date "2009.05.18"]
[Round "6"]
[White "Chua, Aaron"]
[Black "Garma, Edgardo"]
[Result "0-1"]
[WhiteElo "2116"]
[BlackElo "2421"]
[EventDate "2009.05.13"]
[PlyCount "116"]

1.e4 d5 2.exd5 Qxd5 3.Nc3 Qa5 4.d4 Nf6 5.Nf3 Bg4 6.h3 Bh5 7.g4 Bg6 8.Ne5 
e6 9.Bg2 Qa6 10.Qf3 c6 11.Bd2 Nbd7 12.Nxd7 Nxd7 13.O-O-O Nb6 14.h4 h5 15.
g5 O-O-O 16.Bf4 Nd5 17.Nxd5 Rxd5 18.Qc3 Ra5 19.Bf1 Qb6 20.Bc4 Be4 21.Rhe1 
Bb4 22.Qe3 Bxe1 23.Qxe4 Bb4 24.g6 Qd8 25.gxf7 Bd6 26.Qxe6+ Kc7 27.Bd2 Ra4 
28.Bg5 Qd7 29.Qe2 Kb8 30.Be6 Qc7 31.Qf3 Ra5 32.Bd2 Ra4 33.Rg1 Qe7 34.Qb3 
Rxd4 35.Rxg7 Rf8 36.Bg5 Qc7 37.Rg8 Re4 38.f3 Bf4+ 39.Kd1 Rd4+ 40.Qd3 Rxd3+
41.cxd3 Bd6 42.Bf4 Qd8 43.Bg5 Be7 44.Ke2 Qd6 45.Bb3 Qh2+ 46.Ke3 Qe5+ 47.
Kd2 Qxb2+ 48.Ke3 Qe5+ 49.Kd2 Bb4+ 50.Kd1 Qe1+ 51.Kc2 Qe2+ 52.Kb1 Qxd3+ 53.
Kb2 Qe2+ 54.Kb1 Qxf3 55.Kc2 Kc7 56.Bh6 Qe2+ 57.Kb1 Ba3 58.Bg7 Qd3+ 0-1

[Event "7th Asia-ch"]
[Site "Subic Bay PHI"]
[Date "2009.05.19"]
[Round "7"]
[White "Ganguly, Surya Shekhar"]
[Black "Le Quang Liem"]
[Result "1-0"]
[WhiteElo "2625"]
[BlackElo "2591"]
[EventDate "2009.05.13"]
[PlyCount "115"]

1.e4 c6 2.d4 d5 3.Nd2 dxe4 4.Nxe4 Bf5 5.Ng3 Bg6 6.h4 h6 7.Nf3 Nd7 8.h5 Bh7
9.Bd3 Bxd3 10.Qxd3 e6 11.Bf4 Ngf6 12.O-O-O Be7 13.Kb1 O-O 14.Ne4 Nxe4 15.
Qxe4 Nf6 16.Qe2 Qd5 17.Ne5 Qe4 18.Qxe4 Nxe4 19.Rhe1 Nf6 20.g4 Rfd8 21.f3 
Rac8 22.c3 Nd5 23.Bc1 b5 24.f4 c5 25.g5 cxd4 26.Rxd4 hxg5 27.fxg5 f6 28.
Nf3 Nc7 29.gxf6 gxf6 30.Rg4+ Kf7 31.Rf1 Rh8 32.h6 Ke8 33.Rfg1 Kd7 34.Rg7 
e5 35.Rd1+ Ke8 36.Nh4 Ne6 37.Ng6 Nxg7 38.Nxh8 Ne6 39.h7 Nf8 40.Rh1 Rc7 41.
Nf7 Nxh7 42.Rxh7 Bf8 43.Ng5 Rxh7 44.Nxh7 Be7 45.b4 Kf7 46.Be3 a6 47.Bc5 
Bxc5 48.bxc5 Ke6 49.c6 f5 50.Nf8+ Kd6 51.Ng6 Kxc6 52.Ne7+ Kc5 53.Nxf5 b4 
54.Kb2 Kb5 55.Ne3 bxc3+ 56.Kxc3 Ka4 57.Kb2 Kb4 58.Ng4 1-0

[Event "7th Asia-ch"]
[Site "Subic Bay PHI"]
[Date "2009.05.19"]
[Round "7"]
[White "Sandipan, Chanda"]
[Black "Djao Thien Hai"]
[Result "1/2-1/2"]
[WhiteElo "2558"]
[BlackElo "2546"]
[EventDate "2009.05.13"]
[PlyCount "107"]

1.e4 c5 2.Nf3 d6 3.d4 cxd4 4.Qxd4 a6 5.c4 Nc6 6.Qe3 g6 7.Be2 Bg7 8.O-O Nf6
9.h3 O-O 10.Nc3 Nd7 11.b3 Nde5 12.Rd1 Nxf3+ 13.Bxf3 Be6 14.Bb2 Qa5 15.Rab1
Rab8 16.Nd5 Bxb2 17.Rxb2 Qa3 18.Rc2 Qc5 19.Qc3 a5 20.a3 Bxd5 21.cxd5 Qxc3 
22.Rxc3 Ne5 23.Be2 Nd7 24.b4 axb4 25.axb4 Nb6 26.Rdc1 Rfc8 27.f4 Rxc3 28.
Rxc3 Rc8 29.Rxc8+ Nxc8 30.Kf2 Nb6 31.Ke3 Na8 32.Kd4 Nc7 33.Bg4 b6 34.Be2 
Kg7 35.Bd3 Kg8 36.g4 Kg7 37.h4 f6 38.g5 fxg5 39.hxg5 h6 40.gxh6+ Kxh6 41.
e5 Kg7 42.Ke4 Kh6 43.Be2 Kg7 44.Kd4 Kh6 45.Bg4 Kg7 46.Bd7 Kh6 47.b5 Kg7 
48.Bc6 Kh6 49.Ke4 Kg7 50.Kf3 Kh7 51.Kg4 Kh6 52.Kh4 Kh7 53.Kg5 Kg7 54.Kg4 
1/2-1/2

[Event "7th Asia-ch"]
[Site "Subic Bay PHI"]
[Date "2009.05.19"]
[Round "7"]
[White "Antonio, Rogelio jr"]
[Black "Moradiabadi, Elshan"]
[Result "1/2-1/2"]
[WhiteElo "2518"]
[BlackElo "2526"]
[EventDate "2009.05.13"]
[PlyCount "60"]

1.e4 c5 2.Nf3 d6 3.c3 Nf6 4.Be2 g6 5.O-O Bg7 6.Bb5+ Nbd7 7.Re1 Qb6 8.Ba4 
O-O 9.d4 e5 10.dxe5 Nxe5 11.Nxe5 dxe5 12.Bb3 Bg4 13.Qc2 Qa6 14.c4 Be6 15.
Na3 Rfd8 16.Nb5 Rac8 17.Bg5 h6 18.Bh4 Qa5 19.Qc3 Qxc3 20.Nxc3 Rd4 21.Bg3 
Ne8 22.Nd5 Bxd5 23.exd5 Nd6 24.f3 Nxc4 25.Bxc4 Rxc4 26.Bxe5 Bxe5 27.Rxe5 
Rd4 28.Rae1 Rd8 29.Re7 b5 30.Rxa7 R8xd5 1/2-1/2

[Event "7th Asia-ch"]
[Site "Subic Bay PHI"]
[Date "2009.05.19"]
[Round "7"]
[White "Hou Yifan"]
[Black "Toufighi, Homayoon"]
[Result "1-0"]
[WhiteElo "2590"]
[BlackElo "2478"]
[EventDate "2009.05.13"]
[PlyCount "83"]

1.e4 e6 2.d4 d5 3.Nc3 Nc6 4.Nf3 Nf6 5.e5 Ne4 6.Bd3 Bb4 7.Bd2 Nxd2 8.Qxd2 
f6 9.a3 Bxc3 10.Qxc3 fxe5 11.dxe5 O-O 12.h4 Qe7 13.Qd2 Bd7 14.Qe3 b6 15.
O-O-O h6 16.c4 Qf7 17.Bc2 Ne7 18.Qd3 g6 19.Kb1 Rad8 20.h5 g5 21.Nh2 Qg7 
22.Ng4 Kh8 23.Nf6 Nc6 24.Nxd7 Rxd7 25.cxd5 Nxe5 26.Qb3 exd5 27.Rxd5 Rxd5 
28.Qxd5 c6 29.Qe4 b5 30.Qe2 Rd8 31.Re1 Nc4 32.Qe8+ Rxe8 33.Rxe8+ Qg8 34.
Rxg8+ Kxg8 35.Bb3 Kf7 36.Kc2 Ke6 37.Kc3 Kd5 38.Ba2 Kc5 39.b4+ Kd5 40.a4 a6
41.Bb3 g4 42.Ba2 1-0

[Event "7th Asia-ch"]
[Site "Subic Bay PHI"]
[Date "2009.05.19"]
[Round "7"]
[White "Rahman, Ziaur"]
[Black "Nguyen Ngoc Truong Son"]
[Result "0-1"]
[WhiteElo "2523"]
[BlackElo "2588"]
[EventDate "2009.05.13"]
[PlyCount "72"]

1.e4 e6 2.Qe2 c5 3.Nf3 Nc6 4.g3 Nf6 5.d3 Be7 6.Bg2 d5 7.O-O O-O 8.e5 Nd7 
9.c4 f6 10.Nc3 Ndxe5 11.Nxe5 Nd4 12.Qh5 fxe5 13.cxd5 exd5 14.Qxe5 Be6 15.
Bxd5 Kh8 16.Bg2 Bg4 17.Qe4 Bf5 18.Qxb7 Rb8 19.Qxa7 Bxd3 20.Re1 Bf6 21.Bf4 
Rxb2 22.Qa3 Rxf2 23.Qxc5 Rc2 24.Kh1 Ne2 25.Rxe2 Bxe2 26.Be5 Bxe5 27.Qxe5 
Re8 28.Qc5 Qd2 29.Ne4 Qd3 30.Qf2 Bd1 31.Qf7 Rcc8 32.Qf4 Rf8 33.Rc1 Rce8 
34.Rc3 Qe2 35.Qe3 Rf1+ 36.Bxf1 Qxf1+ 0-1

[Event "7th Asia-ch"]
[Site "Subic Bay PHI"]
[Date "2009.05.19"]
[Round "7"]
[White "Filippov, Anton"]
[Black "Murshed, Niaz"]
[Result "1/2-1/2"]
[WhiteElo "2584"]
[BlackElo "2407"]
[EventDate "2009.05.13"]
[PlyCount "60"]

1.e4 e6 2.d4 d5 3.Nc3 dxe4 4.Nxe4 Bd7 5.Nf3 Bc6 6.Ng3 Nd7 7.Bd3 Ngf6 8.O-O
Be7 9.b3 O-O 10.c4 Bxf3 11.Qxf3 c6 12.Bf4 Re8 13.Rad1 Qa5 14.Bb1 Bf8 15.
Bd2 Bb4 16.Bc1 Ba3 17.Be3 Bf8 18.h3 g6 19.Qf4 Bg7 20.Bd2 Qa6 21.Qh4 Qb6 
22.Bc3 Qc7 23.Rfe1 b5 24.Ne4 Nxe4 25.Bxe4 bxc4 26.bxc4 Rab8 27.Re3 Nb6 28.
c5 Nd5 29.Bxd5 exd5 30.Qg5 h6 1/2-1/2

[Event "7th Asia-ch"]
[Site "Subic Bay PHI"]
[Date "2009.05.19"]
[Round "7"]
[White "Zhou Weiqi"]
[Black "Bitoon, Richard"]
[Result "1-0"]
[WhiteElo "2563"]
[BlackElo "2479"]
[EventDate "2009.05.13"]
[PlyCount "121"]

1.d4 Nf6 2.c4 e6 3.Nc3 Bb4 4.Qc2 O-O 5.a3 Bxc3+ 6.Qxc3 Ne4 7.Qc2 f5 8.Nh3 
b6 9.f3 Nf6 10.Bg5 h6 11.Bh4 c5 12.d5 e5 13.Qxf5 d6 14.Qg6 b5 15.Qc2 bxc4 
16.Bxf6 Qxf6 17.Nf2 Nd7 18.e4 Nb6 19.Be2 Bd7 20.a4 Qg5 21.O-O Qe3 22.a5 
Ba4 23.Qc3 Qxe2 24.axb6 axb6 25.Rac1 b5 26.Rfe1 b4 27.Rxe2 bxc3 28.bxc3 
Rfb8 29.Ra2 Bb3 30.Raa1 Bc2 31.h4 Bd3 32.h5 Rxa1 33.Rxa1 Rb3 34.Rc1 Ra3 
35.Ng4 Kf7 36.Ne3 Kf6 37.Nf5 Ra6 38.Kf2 g6 39.hxg6 Kxg6 40.Kg3 Kg5 41.Rd1 
h5 42.Rc1 Rb6 43.Ra1 Rb3 44.Nxd6 h4+ 45.Kh2 Rxc3 46.Ra7 Rb3 47.Nf7+ Kf4 
48.d6 c3 49.d7 Rb8 50.Rc7 Bb5 51.Rxc5 Bxd7 52.Nxe5 Be8 53.Ng4 Bd7 54.Nf6 
Be6 55.Nh5+ Ke3 56.Rxc3+ Kf2 57.Nf4 Bd7 58.Rc2+ Ke3 59.Nd5+ Kd4 60.Rd2+ 
Ke5 61.Nf6 1-0

[Event "7th Asia-ch"]
[Site "Subic Bay PHI"]
[Date "2009.05.19"]
[Round "7"]
[White "Yu Yangyi"]
[Black "Yu Shaoteng"]
[Result "1/2-1/2"]
[WhiteElo "2433"]
[BlackElo "2504"]
[EventDate "2009.05.13"]
[PlyCount "65"]

1.e4 c6 2.d4 d5 3.f3 Nf6 4.e5 Nfd7 5.c4 dxc4 6.e6 fxe6 7.Bxc4 Nb6 8.Bb3 g6
9.Ne2 Bg7 10.Nbc3 Na6 11.Be3 Nd5 12.Bg5 Nac7 13.Qd2 h6 14.Bf4 Nxf4 15.Qxf4
Qd6 16.Qe4 e5 17.dxe5 Bxe5 18.Rd1 Qf6 19.f4 Bxc3+ 20.Nxc3 Be6 21.O-O Bxb3 
22.axb3 Rd8 23.Rxd8+ Kxd8 24.Qe3 Kc8 25.Qxa7 Rd8 26.Kh1 Qd4 27.Qa5 Qd3 28.
Rg1 Qe3 29.f5 g5 30.Na4 Qxb3 31.Qa7 Na6 32.Nb6+ Kc7 33.Na8+ 1/2-1/2

[Event "7th Asia-ch"]
[Site "Subic Bay PHI"]
[Date "2009.05.19"]
[Round "7"]
[White "Paragua, Mark"]
[Black "Sasikiran, Krishnan"]
[Result "1/2-1/2"]
[WhiteElo "2529"]
[BlackElo "2682"]
[EventDate "2009.05.13"]
[PlyCount "115"]

1.d4 Nf6 2.Nf3 d5 3.c4 c6 4.e3 Bf5 5.Nc3 e6 6.Nh4 Bg6 7.Nxg6 hxg6 8.Qb3 
Qc7 9.g3 Nbd7 10.Bg2 Be7 11.O-O O-O 12.Bd2 Rad8 13.Rfd1 Nb6 14.cxd5 exd5 
15.Be1 Rfe8 16.Rac1 Qd7 17.Qc2 Bf8 18.b3 Bb4 19.Ne2 Bxe1 20.Rxe1 g5 21.h3 
Nc8 22.g4 Nd6 23.Rcd1 Nh7 24.Ng3 Nf8 25.f4 Qe7 26.Qf2 Ng6 27.Bh1 a5 28.f5 
Nf8 29.e4 dxe4 30.Bxe4 Qc7 31.Bf3 Nh7 32.Nh5 Nf6 33.Nxf6+ gxf6 34.d5 c5 
35.h4 Rxe1+ 36.Rxe1 Nb5 37.hxg5 fxg5 38.Bg2 f6 39.Qe3 Kf8 40.Qe6 Qd6 41.
Qxd6+ Rxd6 42.Kf2 Nc7 43.Rh1 Kg7 44.Re1 Kf8 45.Rh1 Rd7 46.Rh8+ Ke7 47.Rb8 
Na6 48.Ra8 Kd6 49.Rf8 Ke7 50.Ra8 Nb4 51.Rxa5 Kd6 52.Ra8 Nxd5 53.Bxd5 Kxd5 
54.Ke3 Rd6 55.Rb8 Kc6 56.Re8 Kb5 57.Re7 b6 58.Re6 1/2-1/2

[Event "7th Asia-ch"]
[Site "Subic Bay PHI"]
[Date "2009.05.19"]
[Round "7"]
[White "Zhou Jianchao"]
[Black "Nguyen Anh Dung"]
[Result "1/2-1/2"]
[WhiteElo "2635"]
[BlackElo "2518"]
[EventDate "2009.05.13"]
[PlyCount "83"]

1.d4 Nf6 2.c4 e6 3.Nf3 b6 4.g3 Bb7 5.Bg2 Be7 6.Nc3 Ne4 7.O-O Nxc3 8.bxc3 
Be4 9.Bh3 O-O 10.Nd2 Bg6 11.Bg2 Nc6 12.Qa4 Qe8 13.Ba3 Bxa3 14.Qxa3 e5 15.
e3 Bd3 16.Rfd1 e4 17.c5 Rb8 18.Nb3 Qe7 19.Nc1 Bc4 20.Qa4 Qe6 21.Qc2 f5 22.
Nb3 Kh8 23.Rac1 Qf7 24.Bf1 h6 25.Bxc4 Qxc4 26.Kg2 Ne7 27.Nd2 Qe2 28.Re1 
Qa6 29.cxb6 axb6 30.Rb1 Ra8 31.Rb2 Qa4 32.Qb1 Ra5 33.c4 Rfa8 34.Rc1 Qc6 
35.Rcc2 Kh7 36.Rb5 Qe6 37.c5 Rxb5 38.Qxb5 Rxa2 39.Rxa2 Qxa2 40.Qxd7 Qxd2 
41.Qxe7 Qd1 42.Qxc7 1/2-1/2

[Event "7th Asia-ch"]
[Site "Subic Bay PHI"]
[Date "2009.05.19"]
[Round "7"]
[White "Kunte, Abhijit"]
[Black "Kazhgaleev, Murtas"]
[Result "1-0"]
[WhiteElo "2513"]
[BlackElo "2626"]
[EventDate "2009.05.13"]
[PlyCount "83"]

1.d4 Nf6 2.Nf3 g6 3.Nbd2 d5 4.e3 Bg7 5.b4 O-O 6.Bb2 b6 7.Be2 Ba6 8.b5 Bb7 
9.O-O c5 10.c4 Nbd7 11.Rc1 e6 12.cxd5 Nxd5 13.Nc4 Qe7 14.Nfe5 Nxe5 15.dxe5
Rad8 16.Qb3 Ba8 17.f4 Qc7 18.Bf3 Ne7 19.Bxa8 Rxa8 20.Rfd1 Rad8 21.e4 Nc8 
22.Rxd8 Rxd8 23.Rd1 Rd7 24.a4 Bh6 25.g3 Qd8 26.Rxd7 Qxd7 27.Kf2 Bf8 28.Ke2
Be7 29.Qd3 Qxd3+ 30.Kxd3 Kf8 31.g4 Ke8 32.f5 Bg5 33.f6 Kd7 34.Bc3 Bf4 35.
h3 Kc7 36.Ke2 Kb7 37.Bd2 Bxd2 38.Kxd2 Kc7 39.h4 h6 40.Kc3 Kb7 41.h5 g5 42.
Nd2 1-0

[Event "7th Asia-ch"]
[Site "Subic Bay PHI"]
[Date "2009.05.19"]
[Round "7"]
[White "Al-Modiahki, Mohamad"]
[Black "Tu Hoang Thong"]
[Result "1/2-1/2"]
[WhiteElo "2585"]
[BlackElo "2506"]
[EventDate "2009.05.13"]
[PlyCount "60"]

1.e4 e5 2.Nf3 Nc6 3.Bb5 f5 4.d3 fxe4 5.dxe4 Nf6 6.O-O Bc5 7.Qd3 d6 8.Qc4 
Bd7 9.Bxc6 Bxc6 10.Nxe5 Bxf2+ 11.Rxf2 dxe5 12.Nc3 Qe7 13.Be3 Qf7 14.Qxf7+ 
Kxf7 15.Nd5 Bxd5 16.exd5 b5 17.c4 bxc4 18.Rc1 Rhd8 19.Rxc4 Kg8 20.Bg5 Rxd5
21.h3 Rf8 22.Rfc2 Rd1+ 23.Kh2 Nd5 24.Re2 h6 25.Be3 a6 26.Re4 Nxe3 27.R4xe3
Re8 28.Rxe5 Rxe5 29.Rxe5 Rd2 30.Ra5 Rxb2 1/2-1/2

[Event "7th Asia-ch"]
[Site "Subic Bay PHI"]
[Date "2009.05.19"]
[Round "7"]
[White "Gao Rui"]
[Black "Gupta, Abhijeet"]
[Result "0-1"]
[WhiteElo "2500"]
[BlackElo "2570"]
[EventDate "2009.05.13"]
[PlyCount "86"]

1.e4 c5 2.Nf3 d6 3.d4 cxd4 4.Nxd4 Nf6 5.Nc3 Nc6 6.Bc4 e6 7.Be3 a6 8.Qe2 
Qc7 9.O-O-O Na5 10.Bd3 b5 11.Bg5 b4 12.Nd5 exd5 13.exd5+ Kd8 14.Bxf6+ gxf6
15.Rhe1 Bd7 16.Kb1 Qc5 17.Bf5 Bb5 18.Bd3 Kc7 19.c3 bxc3 20.Bxb5 axb5 21.
Nxb5+ Kb6 22.Nxc3 Nc4 23.Ne4 Qb5 24.Rd3 Ra3 25.Nc3 Qb4 26.Ka1 Ra7 27.Rd4 
Rc7 28.Qc2 f5 29.a3 Ra7 30.Red1 Bg7 31.Na2 Qxb2+ 32.Qxb2+ Nxb2 33.Rb4+ Kc7
34.Rc1+ Kd7 35.Rxb2 Rxa3 36.Kb1 Bxb2 37.Kxb2 Rd3 38.Nc3 Rc8 39.Rc2 Rb8+ 
40.Ka2 Rd4 41.Re2 f4 42.f3 Rc4 43.Rc2 f5 0-1

[Event "7th Asia-ch"]
[Site "Subic Bay PHI"]
[Date "2009.05.19"]
[Round "7"]
[White "Xiu Deshun"]
[Black "Li Shilong"]
[Result "1-0"]
[WhiteElo "2422"]
[BlackElo "2557"]
[EventDate "2009.05.13"]
[PlyCount "117"]

1.d4 f5 2.Nc3 Nf6 3.Bg5 d5 4.Bxf6 exf6 5.e3 c6 6.Bd3 Bd6 7.Qf3 g6 8.Nge2 
Nd7 9.O-O-O Nf8 10.h4 h5 11.Nf4 Be6 12.Nxe6 Nxe6 13.Ne2 b5 14.g3 Qa5 15.
Kb1 O-O-O 16.Qg2 Rhe8 17.c3 Nf8 18.Rhe1 Kb7 19.Nc1 Qc7 20.Re2 Re7 21.Ka1 
Rde8 22.b3 Nd7 23.c4 bxc4 24.bxc4 dxc4 25.Bxc4 Nb6 26.Rb2 Ba3 27.Rb3 Qd6 
28.Nd3 Kc7 29.Ba6 Re4 30.Ne1 Qe7 31.Nc2 Bd6 32.Rc1 Rb8 33.Rcb1 Kd8 34.Bd3 
Re6 35.Qxc6 Rc8 36.Qb5 Qb7 37.Qa5 Qa8 38.Na3 Ke8 39.Nb5 Bb8 40.Qa3 Kf7 41.
Rc1 Rxc1+ 42.Qxc1 Qf3 43.Qc2 Re7 44.a3 Kg7 45.Rb2 Qh1+ 46.Rb1 Qg2 47.Rc1 
Rd7 48.Qb2 Qf3 49.Bb1 Kh6 50.Ba2 Rb7 51.Qb4 Rg7 52.Rc2 Qd1+ 53.Kb2 Qd3 54.
a4 a6 55.Nc3 Ba7 56.a5 Rb7 57.Qf8+ Rg7 58.axb6 Bxb6 59.Qb4 1-0

[Event "7th Asia-ch"]
[Site "Subic Bay PHI"]
[Date "2009.05.19"]
[Round "7"]
[White "Megaranto, Susanto"]
[Black "Mahjoob, Morteza"]
[Result "1-0"]
[WhiteElo "2553"]
[BlackElo "2498"]
[EventDate "2009.05.13"]
[PlyCount "93"]

1.e4 c5 2.Nf3 g6 3.d4 cxd4 4.Nxd4 Nc6 5.c4 Nf6 6.Nc3 Nxd4 7.Qxd4 d6 8.Be3 
Bg7 9.Be2 O-O 10.Qd2 a5 11.O-O a4 12.Rac1 Qa5 13.f3 Be6 14.Nd5 Qxd2 15.
Bxd2 Nxd5 16.cxd5 Bd7 17.Rc7 Bd4+ 18.Kh1 Bc8 19.Bc3 Bb6 20.Rxe7 Bd8 21.Bf6
Bxe7 22.Bxe7 Re8 23.Bxd6 Bd7 24.Bd3 Rac8 25.a3 Red8 26.Be7 Re8 27.Bb4 Rc7 
28.Bd6 Rcc8 29.Kg1 Red8 30.Be7 Re8 31.Bb4 b6 32.Kf2 Rc7 33.Bd6 Ra7 34.Rd1 
Rc8 35.Ke3 Be8 36.Kd4 Rd7 37.Bb4 Rdc7 38.Bc3 Rc5 39.h4 h5 40.Rg1 Bd7 41.g4
hxg4 42.fxg4 Bb5 43.h5 Kh7 44.Bxb5 Rxb5 45.Rf1 gxh5 46.gxh5 Kg7 47.Kd3+ 
1-0

[Event "7th Asia-ch"]
[Site "Subic Bay PHI"]
[Date "2009.05.19"]
[Round "7"]
[White "Gomez, John Paul"]
[Black "Wan Yunguo"]
[Result "1/2-1/2"]
[WhiteElo "2538"]
[BlackElo "2434"]
[EventDate "2009.05.13"]
[PlyCount "97"]

1.e4 e5 2.Nf3 Nc6 3.Bb5 a6 4.Ba4 Nf6 5.O-O Be7 6.Re1 b5 7.Bb3 d6 8.c3 O-O 
9.h3 Na5 10.Bc2 d5 11.d4 Nxe4 12.dxe5 Bc5 13.Re2 Nc6 14.Nbd2 Ng3 15.Re1 
Bb6 16.a4 Bf5 17.Nb3 Bxc2 18.Qxc2 Ne4 19.Be3 Bxe3 20.Rxe3 bxa4 21.Rxa4 Qe8
22.Nbd2 Nxe5 23.Nxe5 Qxe5 24.Nxe4 dxe4 25.Raxe4 Qb5 26.Re5 Qb6 27.Qe4 g6 
28.Re2 Rad8 29.Kh2 Rd1 30.h4 h5 31.Rd5 Rd8 32.Rxd1 Rxd1 33.Qf4 Qd6 34.Kg3 
Kg7 35.f3 a5 36.Qxd6 cxd6 37.Kf4 Kf6 38.Ke3 Ke5 39.Rd2 Rh1 40.g3 Rg1 41.
Rd4 Rg2 42.Re4+ Kf6 43.b4 axb4 44.cxb4 Rb2 45.Rf4+ Ke5 46.Re4+ Kd5 47.Rd4+
Ke5 48.Re4+ Kd5 49.Rd4+ 1/2-1/2

[Event "7th Asia-ch"]
[Site "Subic Bay PHI"]
[Date "2009.05.19"]
[Round "7"]
[White "Gundavaa, Bayarsaihan"]
[Black "Khamrakulov, Dzhurabek"]
[Result "1-0"]
[WhiteElo "2461"]
[BlackElo "2524"]
[EventDate "2009.05.13"]
[PlyCount "51"]

1.d4 d5 2.c4 e6 3.Nf3 c5 4.cxd5 exd5 5.Nc3 Nc6 6.g3 Nf6 7.Bg2 Be7 8.O-O 
O-O 9.Bg5 Be6 10.dxc5 Bxc5 11.Rc1 Be7 12.Nd4 h6 13.Be3 Ne5 14.Nxe6 fxe6 
15.Bh3 Qd7 16.Qa4 Nc6 17.Nb5 Rfd8 18.Rfd1 a6 19.Nd4 Nxd4 20.Qxd4 Bd6 21.
Bxh6 Rf8 22.Bf4 Rae8 23.Bxd6 Qxd6 24.e4 Qe7 25.exd5 exd5 26.Bg2 1-0

[Event "7th Asia-ch"]
[Site "Subic Bay PHI"]
[Date "2009.05.19"]
[Round "7"]
[White "Irwanto, Sadikin"]
[Black "Bui Vinh"]
[Result "0-1"]
[WhiteElo "2447"]
[BlackElo "2522"]
[EventDate "2009.05.13"]
[PlyCount "132"]

1.d4 d5 2.Nf3 Nf6 3.c4 c6 4.Nc3 a6 5.c5 Bf5 6.Bf4 Nbd7 7.e3 Nh5 8.Be5 f6 
9.Bg3 Bg4 10.Be2 g6 11.Qc2 e5 12.Nxe5 Nxe5 13.dxe5 Bxe2 14.Kxe2 Nxg3+ 15.
hxg3 fxe5 16.b4 e4 17.Rad1 Qf6 18.Rh4 O-O-O 19.Na4 g5 20.Rh5 Bg7 21.Kf1 h6
22.Kg1 Rhf8 23.g4 Qe6 24.Nb6+ Kc7 25.Rh3 d4 26.Nc4 d3 27.Qb3 Qxg4 28.Rd2 
Qe2 29.Qd1 Qxd1+ 30.Rxd1 Rde8 31.Rg3 Bc3 32.a3 Re6 33.Rg4 Rf5 34.Nd6 Rfe5 
35.Nc4 Rd5 36.Nd6 Bb2 37.Rxe4 Rxe4 38.Nxe4 Bxa3 39.Nc3 Rd8 40.Rb1 d2 41.
Nd1 Rd5 42.Rb3 Bc1 43.Rc3 b6 44.cxb6+ Kxb6 45.Kf1 c5 46.bxc5+ Rxc5 47.Rb3+
Kc6 48.Ke2 a5 49.Rb8 Kc7 50.Rh8 Rc6 51.Ra8 Kb6 52.g4 Kb5 53.Rb8+ Kc4 54.
Ra8 Rc5 55.Ra6 Kb5 56.Rxh6 a4 57.Rh8 a3 58.Kd3 Kb4 59.Rb8+ Rb5 60.Ra8 Ra5 
61.Rb8+ Kc5 62.Rb1 a2 63.Ra1 Kb4 64.f4 Kb3 65.f5 Rd5+ 66.Ke4 Rd8 0-1

[Event "7th Asia-ch"]
[Site "Subic Bay PHI"]
[Date "2009.05.19"]
[Round "7"]
[White "Laylo, Darwin"]
[Black "Ashwin, Jayaram"]
[Result "1-0"]
[WhiteElo "2509"]
[BlackElo "2413"]
[EventDate "2009.05.13"]
[PlyCount "71"]

1.c4 Nf6 2.Nc3 e5 3.g3 Nc6 4.Bg2 Bc5 5.a3 a6 6.e3 O-O 7.Nge2 d6 8.O-O Ba7 
9.d4 Re8 10.b4 exd4 11.exd4 Bf5 12.c5 Ne4 13.Be3 b6 14.Nxe4 Bxe4 15.Bxe4 
Rxe4 16.Qc2 Qe8 17.cxd6 cxd6 18.Rac1 Nd8 19.Nc3 Rg4 20.Qf5 Rg6 21.Rfe1 b5 
22.Nd5 Ne6 23.h4 h5 24.Qxh5 Qd8 25.Qf3 Rb8 26.h5 Rg5 27.Rcd1 Rc8 28.Bxg5 
Qxg5 29.Qf5 Qxf5 30.Ne7+ Kh7 31.Nxf5 Rc2 32.Rd3 d5 33.Kf1 Rc4 34.Re5 Nxd4 
35.Nxd4 Bxd4 36.Rxd5 1-0

[Event "7th Asia-ch"]
[Site "Subic Bay PHI"]
[Date "2009.05.19"]
[Round "7"]
[White "Iuldachev, Saidali"]
[Black "Hassan, Abdullah"]
[Result "1-0"]
[WhiteElo "2497"]
[BlackElo "2322"]
[EventDate "2009.05.13"]
[PlyCount "77"]

1.e4 e6 2.d4 d5 3.Nc3 Nf6 4.Bg5 dxe4 5.Nxe4 Be7 6.Bxf6 Bxf6 7.Nf3 Nd7 8.
Qd2 O-O 9.O-O-O b6 10.Bd3 Bb7 11.Qe2 Qe7 12.h4 c5 13.Nfg5 h6 14.Nh7 Rfd8 
15.dxc5 bxc5 16.Nhxf6+ Nxf6 17.c3 Bd5 18.Bb1 Rab8 19.f3 a5 20.Nxf6+ Qxf6 
21.Qe3 a4 22.a3 Qe7 23.Rd3 Bb3 24.g3 c4 25.Rxd8+ Rxd8 26.f4 Qd6 27.Qe2 h5 
28.Re1 Kf8 29.Bc2 Bxc2 30.Kxc2 Qd5 31.Kb1 Ke7 32.Ka1 Qd3 33.Qxh5 Qxg3 34.
Qc5+ Ke8 35.Rg1 Qxf4 36.Rxg7 Qxh4 37.Rg8+ Kd7 38.Qa7+ Kd6 39.Qd4+ 1-0

[Event "7th Asia-ch"]
[Site "Subic Bay PHI"]
[Date "2009.05.19"]
[Round "7"]
[White "Sadorra, Julio Catalino"]
[Black "Deepan Chakravarthy, Jeyakumar"]
[Result "0-1"]
[WhiteElo "2451"]
[BlackElo "2482"]
[EventDate "2009.05.13"]
[PlyCount "98"]

1.d4 e6 2.c4 b6 3.e4 Bb7 4.Bd3 f5 5.exf5 Bxg2 6.Qh5+ g6 7.fxg6 Bg7 8.gxh7+
Kf8 9.Nf3 Nf6 10.Qh4 Bxh1 11.Ne5 Nc6 12.Bg5 d6 13.Nxc6 Bxc6 14.Nc3 Qe7 15.
O-O-O Qf7 16.d5 exd5 17.cxd5 Bd7 18.Rg1 Re8 19.Bh6 Ng4 20.Bd2 Bf6 21.Qg3 
Rxh7 22.Bxh7 Qxh7 23.Qf4 Kf7 24.Rxg4 Bxg4 25.Qxg4 Qxh2 26.Qf3 Qe5 27.Qd3 
a5 28.Kc2 Rh8 29.Be3 Rh4 30.a3 a4 31.Kb1 Qh5 32.Ne4 Rh1+ 33.Kc2 Qg6 34.Bd2
Be5 35.Ng5+ Kf6 36.Ne4+ Kf7 37.Qc4 Kg8 38.f3 Qg1 39.Nc3 Bxc3 40.Kxc3 Qc5 
41.Qxc5 bxc5 42.Kc4 Kf7 43.Kd3 Rh5 44.Kc4 Ke7 45.f4 Kd7 46.Bc3 c6 47.dxc6+
Kxc6 48.Kd3 d5 49.Be5 Rh3+ 0-1